Abalos + Sentkiewicz : (Record no. 12251)

000 -LEADER
fixed length control field 01237cam a22002297i 4500
003 - CONTROL NUMBER IDENTIFIER
control field OSt
005 - DATE AND TIME OF LATEST TRANSACTION
control field 20231229192940.0
008 - FIXED-LENGTH DATA ELEMENTS--GENERAL INFORMATION
fixed length control field 160308s2015 nyua b 000 0 eng d
020 ## - INTERNATIONAL STANDARD BOOK NUMBER
International Standard Book Number 9781940291192
Qualifying information hardcover
042 ## - AUTHENTICATION CODE
Authentication code lccopycat
050 00 - LIBRARY OF CONGRESS CALL NUMBER
Classification number NA687
Item number .A25 2015
082 04 - DEWEY DECIMAL CLASSIFICATION NUMBER
Classification number 724.7
Edition number 23
100 1# - MAIN ENTRY--PERSONAL NAME
Personal name Abalos, Iñaki,
Relator term author.
245 10 - TITLE STATEMENT
Title Abalos + Sentkiewicz :
Remainder of title essays on thermodynamics, architecture and beauty.
Statement of responsibility, etc Iñaki Abalos, Renata Snetkiewicz; Editor Lluis Ortega.
300 ## - PHYSICAL DESCRIPTION
Extent 479 pages :
Other physical details illustrations (some color) ;
Dimensions 25 cm
504 ## - BIBLIOGRAPHY, ETC. NOTE
Bibliography, etc Includes bibliographical references.
520 8# - SUMMARY, ETC.
Summary, etc A compendium of essays and projects, that creates a projective document able to set up new scenarios for the Architecture of the next decade Essays on Thermodynamics, Architecture and Beauty, is a book that unfolds arguments and designs around the concept of 'thermodynamic beauty'. This new aesthetic category opens up new and unexpected directions to the architect's work, connecting architecture and thermodynamics without giving up the tectonic tradition.
650 #0 - SUBJECT ADDED ENTRY--TOPICAL TERM
Topical term or geographic name as entry element Architecture, Modern
Chronological subdivision 21st century
General subdivision Themes, motives.
700 1# - ADDED ENTRY--PERSONAL NAME
Personal name Sentkiewicz, Renata,
Relator term author.
700 1# - ADDED ENTRY--PERSONAL NAME
Personal name Ortega, Lluis,
Relator term editor.
942 ## - ADDED ENTRY ELEMENTS (KOHA)
Source of classification or shelving scheme
Holdings
Withdrawn status Lost status Source of classification or shelving scheme Damaged status Koha normalized classification for sorting Not for loan Permanent location Current location Date acquired Source of acquisition Cost, normal purchase price Full call number Barcode Date last seen Cost, replacement price Price effective from Koha item type
        724_700000000000000   BMS College of Architecture, Design and Planning BMS College of Architecture, Design and Planning 2023-12-29 10 2280.95 724.7 AR-UG3289 2023-12-29 3258.50 2023-12-29 UG Books
Copyright © 2025, The Librarian, Library and Information Centre, BMSCA D&P, Bengaluru. All Rights Reserved
web counter

Powered by Koha